Hunger Games--Match the Tribute to their Mentor - Statistics

General Stats
  • This quiz has been taken 101 times
  • The average score is 11 of 24
Answer Stats
Hint Answer % Correct
Coriolanus Snow Lucy Gray
97%
Festus Creed Coral
68%
Hilarius Heavensbee Wovey
67%
Clemensia Dovecoat Reaper
66%
Lysistrata Vickers Jessup
65%
Sejanus Plinth Marcus
63%
Felix Ravinstill Dill
61%
Vipsania Sickle Treech
54%
Pliny "Pup" Harrington Lamina
53%
Persephone Price Mizzen
44%
Domitia Whimsiwick Tanner
42%
Juno Phipps Bobbin
41%
Arachne Crane Brandy
39%
Io Jasper Circ
37%
Urban Canville Teslee
35%
Iphegenia Moss Sol
34%
Palmyra Monty Velvereen
34%
Dennis Fling Hy
33%
Livia Cardew Facet
32%
Diana Ring Ginnee
32%
Apollo Ring Otto
32%
Gaius Breen Panlo
32%
Androcles Anderson Sheaf
32%
Florus Friend Sabyn
29%
No matching quizzes found
Score Distribution
Percent of People with Each Score
Percentile by Number Answered
Your Score History
You have not taken this quiz